GRE Engineering Test (Record no. 298472)

000 -LEADER
fixed length control field 00233 a2200109 4500
001 - CONTROL NUMBER
control field 63399
082 ## - DEWEY DECIMAL CLASSIFICATION NUMBER
Classification number 378.1662 ETS
090 ## - LOCALLY ASSIGNED LC-TYPE CALL NUMBER (OCLC); LOCAL CALL NUMBER (RLIN)
-- 37452
-- 37452
100 ## - MAIN ENTRY--PERSONAL NAME
Personal name GRE Board
245 ## - TITLE STATEMENT
Title GRE Engineering Test
Medium English
260 ## - PUBLICATION, DISTRIBUTION, ETC.
Name of publisher, distributor, etc. ETS
942 ## - ADDED ENTRY ELEMENTS (KOHA)
Institution code [OBSOLETE] CAE NUST
Call number prefix 378.1662 ETS
Holdings
Withdrawn status Lost status Damaged status Not for loan Collection code Permanent Location Current Location Date acquired Total Checkouts Full call number Barcode Date last seen Price effective from Koha item type
          College of Aeronautical Engineering (CAE) College of Aeronautical Engineering (CAE) 04/03/2017   378.1662 ETS CAEG-5491 04/05/2017 04/05/2017 Book
© 2023 Central Library, National University of Sciences and Technology. All Rights Reserved.